000 00576nam a22001577a 4500
999 _c528014
_d528014
020 _qHard Cover.
082 _a620.44
100 _aMansoor, Muhammad
245 _aFabrication of Al-CNTs MMC by Induction melting with improved dispersion an dwetting of CNTs in Al matrix using a multifuncational flux /
_cMuhammad Mansoor.
260 _aIslamabad:
_bSCME - NUST,
_c2015.
300 _axviii, 171 p. : ill. ;
_c30cm.
942 _2ddc
_cTHE
650 _aPh. D. Thesis
_919288
700 _aDr. Muhammad Shahid.
_916160